000
00243nam a2200097Ia 4500
001
1073664
005
20250827002205.0
008
250824s9999 xx 000 0 und d
245
0
_a
50 TARİHİ ANEKDOT
_c
FREDE ROYER
260
_b
ORENDA YAYINLARI
999
_c
1073664
_d
1073664